Statistics for U.S. Cities By Nickname - MEDIUM

Click here to take the quiz!

General Stats

  • This quiz has been taken 43 times
  • The average score is 9 of 14

Answer Stats

NicknameCity% Correct
Gateway to the WestSt. Louis/Omaha
92%
The Big PeachAtlanta
89%
The Steel CityPittsburgh
89%
Valley of The SunPhoenix
76%
Brew CityMilwaukee
74%
City of LakesMinneapolis
68%
The City of RosesPortland
68%
The Queen CityCharlotte/Cincinnati
66%
Derby CityLouisville
61%
Charm CityBaltimore
53%
Magic CityMiami
50%
Bat CityAustin
47%
The Forest CityCleveland
42%
The Big FriendlyOklahoma City
21%

Score Distribution

Percentile by Number Answered

Percent of People with Each Score

Your Score History

You have not taken this quiz